عرض عادي
عرض مارك
- Anatomy.
مدخل مصطلح موضوعي
001 - رقم الضبط
- حقل الضبط: 64822
003 - معرف رقم الضبط
- حقل الضبط: OSt
005 - تاريخ ووقت أخر عملية
- حقل الضبط: 20180904163009.0
008 - عناصر بيانات ثابتة الطول
- حقل تحكم ثابت الطول: 180904|| aca||aabn | a|a d
040 ## - مصدر الفهرسة
- هيئة الفهرسة الأصلية: OSt
- وكالة الكتابة: OSt
150 ## - مدخل-- مصطلح تاريخي
- عنصر مدخل المصطلح الموضوعي او الاسم الجغرافي: Anatomy.
670 ## - بيانات المصدر موجوده
- الاستشهاد بالمصدر: Work cat.: (OSt)0: Netter, Frank H. (Frank Henry), 1906-1991, author. 16211, Atlas of human anatomy /
